[Event "49th Rubinstein Memorial"]
[Site "Polanica Zdroj POL"]
[Date "2013.08.22"]
[Round "6"]
[White "Warakomski, Tomasz"]
[Black "Nasuta, Grzegorz"]
[WhiteElo "2503"]
[BlackElo "2341"]
[Result "1/2-1/2"]
[EventDate "2013.08.17"]
[PlyCount "82"]
1. Nf3 Nf6 2. c4 g6 3. Nc3 d5 4. cxd5 Nxd5 5. Qa4+ Nc6 6. Ne5 Qd6 7. Nxc6 Qxc6 8. Qxc6+ bxc6 9. d3 Bg7 10. Kd2 Rb8 11. e4 Bh6+ 12. Kd1 Nxc3+ 13. bxc3 Bxc1 14. Kxc1 e5 15. Be2 Ke7 16. Kc2 c5 17. Rhb1 Bd7 18. Rxb8 Rxb8 19. c4 Rb6 20. h4 f6 21. g3 h6 22. f4 Kf7 23. Kc3 Kg7 24. Bf3 Rb8 25. Rf1 Rb6 26. Bd1 Rb1 27. Kc2 Rb6 28. Kc1 Ra6 29. Rf2 Rb6 30. f5 g5 31. Bh5 Ba4 32. Rh2 Bd7 33. Rc2 Kf8 34. Rc3 Bc8 35. Bg4 Bb7 36. Bd1 Bc8 37. Ba4 Ke7 38. Bb5 h5 39. Ra3 a6 40. Ba4 g4 41. Bd1 Bd7 1/2-1/2

[Event "49th Rubinstein Memorial"]
[Site "Polanica Zdroj POL"]
[Date "2013.08.23"]
[Round "7"]
[White "Czarnota, Pawel"]
[Black "Warakomski, Tomasz"]
[WhiteElo "2534"]
[BlackElo "2503"]
[Result "0-1"]
[EventDate "2013.08.17"]
[PlyCount "110"]
1. Nf3 d5 2. c4 d4 3. b4 Nf6 4. e3 c5 5. Bb2 dxe3 6. fxe3 cxb4 7. d4 Bf5 8. Qa4+ Nbd7 9. Qxb4 e5 10. Qb3 Qa5+ 11. Bc3 Qc7 12. Be2 Ne4 13. O-O g6 14. Bb4 Bh6 15. Nc3 Nxc3 16. Qxc3 a5 17. Qa3 Bxe3+ 18. Qxe3 axb4 19. Nxe5 Nxe5 20. dxe5 Ra5 21. Bf3 Rxe5 22. Qh6 f6 23. Rad1 Be6 24. Bd5 Kf7 25. Kh1 Bxd5 26. cxd5 Qd6 27. Rd4 Rh5 28. Qf4 Rf5 29. Qc1 Rc8 30. Qd1 Rxf1+ 31. Qxf1 Qa6 32. Qe1 Re8 33. Qb1 Qxa2 34. Rxb4 Qxb1+ 35. Rxb1 b5 36. Kg1 Rb8 37. Kf2 Ke7 38. Ke3 Kd6 39. Kd4 f5 40. Ra1 Rb6 41. Re1 b4 42. Re6+ Kc7 43. Rxb6 Kxb6 44. Kc4 b3 45. Kxb3 Kc5 46. Kc3 Kxd5 47. Kd3 f4 48. Ke2 Ke4 49. Kf2 g5 50. Ke2 g4 51. Kf2 Kd3 52. g3 f3 53. h3 h5 54. hxg4 hxg4 55. Kf1 f2 0-1

[Event "49th Rubinstein Memorial"]
[Site "Polanica Zdroj POL"]
[Date "2013.08.23"]
[Round "7"]
[White "Kempinski, Robert"]
[Black "Pacher, Milan"]
[WhiteElo "2583"]
[BlackElo "2453"]
[Result "1/2-1/2"]
[EventDate "2013.08.17"]
[PlyCount "161"]
1. d4 Nf6 2. c4 e6 3. Nc3 Bb4 4. Qc2 O-O 5. Nf3 d5 6. Bg5 Nbd7 7. e3 c5 8. cxd5 exd5 9. Bd3 Qa5 10. O-O c4 11. Bf5 Bxc3 12. Qxc3 Qxc3 13. bxc3 Nb6 14. Bxc8 Nxc8 15. Nd2 Ne4 16. Nxe4 dxe4 17. d5 f6 18. Bf4 Rd8 19. Rfd1 Nd6 20. Rab1 b6 21. f3 f5 22. Kf2 Rac8 23. g4 g6 24. gxf5 gxf5 25. Rg1+ Kf7 26. Rg5 Kf6 27. Rh5 Nf7 28. fxe4 fxe4 29. d6 Rc5 30. Rxc5 bxc5 31. Rb5 Ne5 32. Bxe5+ Kxe5 33. Rxc5+ Kxd6 34. Rxc4 Ke5 35. Rc5+ Ke6 36. Ra5 Rf8+ 37. Ke2 Rb8 38. h4 Rb2+ 39. Kd1 Rh2 40. h5 Kd6 41. h6 a6 42. a4 Kc6 43. Rxa6+ Kd5 44. Ra7 Rxh6 45. Kc2 Rh3 46. Rd7+ Kc6 47. Rd4 Rxe3 48. Kd2 Rg3 49. Rxe4 Kc5 50. Kc2 Rg1 51. Rh4 Rg7 52. Kb3 Rb7+ 53. Rb4 Rg7 54. Rb5+ Kc6 55. Rh5 Rg1 56. Kb4 Rb1+ 57. Kc4 Ra1 58. Rh6+ Kb7 59. Kb5 Rb1+ 60. Kc5 Ra1 61. Rxh7+ Ka6 62. Rh6+ Kb7 63. c4 Rxa4 64. Kb5 Ra1 65. Rh7+ Kb8 66. c5 Rg1 67. Kb6 Rb1+ 68. Kc6 Rc1 69. Rb7+ Kc8 70. Re7 Kb8 71. Re8+ Ka7 72. Re5 Kb8 73. Rd5 Kc8 74. Kd6 Rh1 75. Kc6 Ra1 76. Rh5 Ra6+ 77. Kb5 Rg6 78. Rh8+ Kb7 79. Rh7+ Kc8 80. c6 Rg1 81. Kb6 1/2-1/2

[Event "49th Rubinstein Memorial"]
[Site "Polanica Zdroj POL"]
[Date "2013.08.23"]
[Round "7"]
[White "Mista, Aleksander"]
[Black "Sulypa, Olexandr"]
[WhiteElo "2576"]
[BlackElo "2483"]
[Result "1-0"]
[EventDate "2013.08.17"]
[PlyCount "95"]
1. Nf3 c5 2. e4 d6 3. d4 cxd4 4. Nxd4 Nf6 5. Nc3 a6 6. Be2 e5 7. Nb3 Be7 8. O-O O-O 9. Re1 Qc7 10. Bf3 b5 11. Bd2 Nbd7 12. a4 b4 13. Na2 a5 14. c3 bxc3 15. Nxc3 Nc5 16. Nb5 Qb6 17. Nxc5 dxc5 18. Bc3 Qb8 19. Qc2 c4 20. b3 cxb3 21. Qb2 Nd7 22. Be2 Kh8 23. Bc4 f6 24. Qxb3 Nc5 25. Qa2 Bb7 26. f3 Rd8 27. Red1 Bc6 28. Bd5 Qb6 29. Kh1 Nxa4 30. Qxa4 Bxb5 31. Qa2 Bc6 32. Bxa5 Qb5 33. Bxd8 Rxa2 34. Bxa2 Bc5 35. Rab1 Qe2 36. Be6 h5 37. Rdc1 Qd3 38. Rb8 Kh7 39. Bf5+ Kh6 40. h4 Ba7 41. Bxf6 gxf6 42. Rh8+ Kg7 43. Rh7+ Kf8 44. Rxa7 Qe3 45. Raa1 Be8 46. Kh2 Bf7 47. Rc7 Kg7 48. Be6 1-0

[Event "49th Rubinstein Memorial"]
[Site "Polanica Zdroj POL"]
[Date "2013.08.23"]
[Round "7"]
[White "Nasuta, Grzegorz"]
[Black "Moranda, Wojciech"]
[WhiteElo "2341"]
[BlackElo "2572"]
[Result "1/2-1/2"]
[EventDate "2013.08.17"]
[PlyCount "60"]
1. e4 c5 2. Nf3 d6 3. d4 cxd4 4. Nxd4 Nf6 5. Nc3 e6 6. Be3 a6 7. f3 b5 8. Qd2 Nbd7 9. g4 h6 10. O-O-O b4 11. Nce2 Qc7 12. h4 d5 13. Bf4 e5 14. Bh2 dxe4 15. g5 hxg5 16. hxg5 Rxh2 17. Rxh2 exd4 18. Rh8 Nd5 19. Qxd4 Bb7 20. fxe4 N5b6 21. Qxb4 O-O-O 22. Qb3 Bxe4 23. Nc3 Qf4+ 24. Kb1 Kc7 25. Bxa6 Nc5 26. Nb5+ Kc6 27. Na7+ Kc7 28. Nb5+ Kc6 29. Na7+ Kc7 30. Nb5+ Kc6 1/2-1/2

[Event "49th Rubinstein Memorial"]
[Site "Polanica Zdroj POL"]
[Date "2013.08.23"]
[Round "7"]
[White "Ovseevich, Sergei"]
[Black "Kveinys, Aloyzas"]
[WhiteElo "2569"]
[BlackElo "2491"]
[Result "1-0"]
[EventDate "2013.08.17"]
[PlyCount "51"]
1. d4 Nf6 2. c4 e6 3. Nf3 d5 4. Nc3 c5 5. cxd5 Nxd5 6. e3 Nc6 7. Bd3 Be7 8. O-O O-O 9. a3 cxd4 10. exd4 Bf6 11. Bc2 Nce7 12. h4 Nf5 13. h5 g6 14. Re1 Bg7 15. hxg6 hxg6 16. Bg5 Qd6 17. Qd2 f6 18. Nxd5 fxg5 19. Bxf5 gxf5 20. Nc3 g4 21. Ne5 b6 22. Nb5 Qd8 23. Nc6 Qd7 24. d5 exd5 25. Rac1 Bf6 26. Ne7+ 1-0

[Event "49th Rubinstein Memorial"]
[Site "Polanica Zdroj POL"]
[Date "2013.08.24"]
[Round "8"]
[White "Kveinys, Aloyzas"]
[Black "Sulypa, Olexandr"]
[WhiteElo "2491"]
[BlackElo "2483"]
[Result "1/2-1/2"]
[EventDate "2013.08.17"]
[PlyCount "90"]
1. d4 d5 2. Nf3 Nf6 3. c4 e6 4. Bg5 c6 5. e3 Qa5+ 6. Nbd2 Ne4 7. Bf4 Nd7 8. Bd3 e5 9. Bxe4 exf4 10. Bd3 fxe3 11. fxe3 Nf6 12. O-O Be7 13. Qc2 O-O 14. Ne5 Be6 15. c5 Qc7 16. Ndf3 h6 17. Nh4 Ne4 18. Bxe4 Bxh4 19. Bh7+ Kh8 20. Bf5 Bf6 21. Ng4 Qe7 22. Rf3 Bg5 23. Raf1 Rae8 24. h3 Bxf5 25. Qxf5 Qe4 26. h4 Qxf5 27. Rxf5 Bxh4 28. Rxf7 Rxf7 29. Rxf7 Re4 30. Rf4 Rxf4 31. exf4 Kg8 32. Kf1 Kf7 33. Ke2 Ke6 34. Ne5 h5 35. Kf3 Kf5 36. Nf7 Be7 37. b4 Ke6 38. Ne5 g5 39. g4 hxg4+ 40. Kxg4 gxf4 41. Kxf4 Bh4 42. Ke3 Bg3 43. Nd3 Kf5 44. Kf3 Bh2 45. Nc1 Bc7 1/2-1/2

[Event "49th Rubinstein Memorial"]
[Site "Polanica Zdroj POL"]
[Date "2013.08.24"]
[Round "8"]
[White "Ovseevich, Sergei"]
[Black "Nasuta, Grzegorz"]
[WhiteElo "2569"]
[BlackElo "2341"]
[Result "1-0"]
[EventDate "2013.08.17"]
[PlyCount "53"]
1. Nf3 Nf6 2. c4 g6 3. Nc3 d5 4. Qa4+ Bd7 5. Qb3 dxc4 6. Qxc4 a6 7. d4 b5 8. Qd3 Bg7 9. e4 b4 10. Ne2 O-O 11. Nf4 Bb5 12. Qc2 Bxf1 13. Kxf1 c5 14. e5 Nd5 15. Qxc5 Nxf4 16. Bxf4 a5 17. Ke2 Na6 18. Qc6 Nc7 19. Rhc1 Nd5 20. Bg5 h6 21. Rc5 hxg5 22. Rxd5 Qc8 23. Qxc8 Rfxc8 24. Kd3 Rc7 25. Nxg5 Rac8 26. Rxa5 Rc2 27. Ra8 1-0

[Event "49th Rubinstein Memorial"]
[Site "Polanica Zdroj POL"]
[Date "2013.08.24"]
[Round "8"]
[White "Pacher, Milan"]
[Black "Mista, Aleksander"]
[WhiteElo "2453"]
[BlackElo "2576"]
[Result "0-1"]
[EventDate "2013.08.17"]
[PlyCount "76"]
1. e4 e5 2. Nf3 Nc6 3. Bb5 a6 4. Ba4 Nf6 5. O-O Be7 6. Re1 b5 7. Bb3 d6 8. c3 O-O 9. d4 Bg4 10. d5 Na5 11. Bc2 c6 12. h3 Bc8 13. dxc6 Qc7 14. Nbd2 Qxc6 15. Nf1 Nc4 16. a4 Bb7 17. b3 Nb6 18. Ne3 Qxc3 19. Bd2 Qc6 20. Nf5 Rfe8 21. Rc1 Qd7 22. Bb1 Nc8 23. N3h4 Bd8 24. Qf3 g6 25. Nh6+ Kg7 26. Rc3 d5 27. exd5 Nd6 28. Rc6 Bxc6 29. dxc6 Qe6 30. Bc3 Qd5 31. N4f5+ Nxf5 32. Nxf5+ gxf5 33. Qxf5 Qxc6 34. Re3 Bc7 35. Rg3+ Kh8 36. Rf3 Re6 37. g4 Rg8 38. g5 Rxg5+ 0-1

[Event "49th Rubinstein Memorial"]
[Site "Polanica Zdroj POL"]
[Date "2013.08.25"]
[Round "9"]
[White "Czarnota, Pawel"]
[Black "Ovseevich, Sergei"]
[WhiteElo "2534"]
[BlackElo "2569"]
[Result "1/2-1/2"]
[EventDate "2013.08.17"]
[PlyCount "71"]
1. c4 e6 2. Nf3 Nf6 3. g3 b6 4. Bg2 Bb7 5. O-O Be7 6. b3 O-O 7. Bb2 c5 8. e3 d6 9. Nc3 Nbd7 10. d4 Ne4 11. Nxe4 Bxe4 12. Qe2 Qc7 13. Rfd1 Qb7 14. Ne1 Bxg2 15. Nxg2 cxd4 16. Bxd4 a6 17. Rac1 b5 18. e4 Rfc8 19. f3 bxc4 20. Rxc4 Rxc4 21. Qxc4 Rc8 22. Qe2 Qc6 23. Ne3 h6 24. Kg2 Bf8 25. Rd2 Qb7 26. Rc2 Rxc2 27. Qxc2 Be7 28. Qd3 Nb8 29. Qc3 Bf8 30. Nc4 d5 31. exd5 Qxd5 32. Bf2 Nd7 33. Qa5 Qxa5 34. Nxa5 f5 35. f4 e5 36. fxe5 1/2-1/2

[Event "49th Rubinstein Memorial"]
[Site "Polanica Zdroj POL"]
[Date "2013.08.25"]
[Round "9"]
[White "Kempinski, Robert"]
[Black "Moranda, Wojciech"]
[WhiteElo "2583"]
[BlackElo "2572"]
[Result "1/2-1/2"]
[EventDate "2013.08.17"]
[PlyCount "68"]
1. d4 d6 2. Nf3 Nf6 3. c4 g6 4. Nc3 Bg7 5. e4 O-O 6. Be2 Nbd7 7. O-O e5 8. d5 Nc5 9. Qc2 a5 10. Bg5 h6 11. Be3 b6 12. Nd2 Bg4 13. Bxg4 Nxg4 14. Bxc5 bxc5 15. a4 h5 16. Ra3 Bh6 17. Nf3 Nf6 18. Rb3 Nd7 19. Rb7 Nb8 20. Rb5 Na6 21. Qe2 Nb4 22. Rd1 Kh7 23. Ne1 Ra7 24. Ra1 Qg5 25. Nf3 Qe7 26. Na2 Rfa8 27. g3 Qd7 28. Kg2 Kg7 29. h3 Kh7 30. Ne1 Kg7 31. Nd3 c6 32. Ndxb4 cxb5 33. Nc6 b4 34. Nxa7 Rxa7 1/2-1/2

[Event "49th Rubinstein Memorial"]
[Site "Polanica Zdroj POL"]
[Date "2013.08.25"]
[Round "9"]
[White "Mista, Aleksander"]
[Black "Warakomski, Tomasz"]
[WhiteElo "2576"]
[BlackElo "2503"]
[Result "1-0"]
[EventDate "2013.08.17"]
[PlyCount "81"]
1. e4 e5 2. Nf3 Nc6 3. Bb5 Nf6 4. d3 d6 5. O-O g6 6. d4 Bd7 7. d5 Ne7 8. Bxd7+ Qxd7 9. Re1 Bg7 10. c4 c5 11. Nc3 O-O 12. a3 a6 13. b4 Qc7 14. bxc5 Qxc5 15. Na4 Qa5 16. Bd2 Qc7 17. c5 dxc5 18. Nxc5 Qxc5 19. Bb4 Qc7 20. d6 Qb6 21. dxe7 Rfc8 22. Rc1 a5 23. Bc5 Qc7 24. a4 Qc6 25. Ba3 Qe6 26. Ng5 Qb6 27. Rb1 Qc6 28. Qb3 Qe8 29. Rbd1 Nh5 30. Qxb7 Bf6 31. h4 h6 32. Nf3 Qxa4 33. Bd6 Qe8 34. Nxe5 Bxh4 35. Nf3 Bf6 36. e5 Bg5 37. e6 f6 38. Nd4 Ng7 39. Nb5 Rab8 40. Bxb8 Rxb8 41. Qxb8 1-0

[Event "49th Rubinstein Memorial"]
[Site "Polanica Zdroj POL"]
[Date "2013.08.25"]
[Round "9"]
[White "Nasuta, Grzegorz"]
[Black "Kveinys, Aloyzas"]
[WhiteElo "2341"]
[BlackElo "2491"]
[Result "1/2-1/2"]
[EventDate "2013.08.17"]
[PlyCount "62"]
1. e4 e5 2. Nf3 Nc6 3. Bb5 a6 4. Ba4 d6 5. c3 Bd7 6. d4 g6 7. O-O Bg7 8. d5 Nce7 9. Bxd7+ Qxd7 10. c4 h6 11. Ne1 f5 12. f3 Nf6 13. Nc3 f4 14. Nd3 g5 15. Qa4 c6 16. c5 cxd5 17. cxd6 Qxa4 18. Nxa4 Ng6 19. Nb6 Rd8 20. d7+ Nxd7 21. Nxd5 Nb6 22. Nxb6 Rxd3 23. Kf2 Kf7 24. Ke2 Rd6 25. Nd5 Ne7 26. Nxe7 Kxe7 27. Bd2 Ke6 28. Rfd1 Rhd8 29. Bb4 Rxd1 30. Rxd1 Rxd1 31. Kxd1 Bf6 1/2-1/2

[Event "49th Rubinstein Memorial"]
[Site "Polanica Zdroj POL"]
[Date "2013.08.25"]
[Round "9"]
[White "Sulypa, Olexandr"]
[Black "Pacher, Milan"]
[WhiteElo "2483"]
[BlackElo "2453"]
[Result "1/2-1/2"]
[EventDate "2013.08.17"]
[PlyCount "212"]
1. d4 Nf6 2. c4 e6 3. Nc3 Bb4 4. e3 O-O 5. Bd3 d5 6. Nf3 c5 7. O-O cxd4 8. exd4 dxc4 9. Bxc4 b6 10. Qb3 Bxc3 11. bxc3 Bb7 12. Ba3 Re8 13. Bb5 Nfd7 14. Be2 Nc6 15. Qa4 Rc8 16. Rfd1 Qf6 17. Nd2 Qg6 18. Bf3 a6 19. Re1 b5 20. Qd1 Nb6 21. Ne4 Nc4 22. Bc1 Ne7 23. a4 e5 24. axb5 axb5 25. Ra7 Bd5 26. h4 exd4 27. Qxd4 Nc6 28. Qxd5 Nxa7 29. Bh5 Nb6 30. Bxg6 Nxd5 31. Bxf7+ Kxf7 32. Nd6+ Kf8 33. Nxe8 Rxe8 34. Ba3+ b4 35. Rxe8+ Kxe8 36. cxb4 Nb5 37. Bb2 Kf7 38. g4 Nxb4 39. Kg2 Nd3 40. Ba1 Nd6 41. h5 Ne4 42. Kf3 Nexf2 43. g5 Kf8 44. Ke3 Nh3 45. g6 hxg6 46. hxg6 Ndf4 47. Ke4 Nh5 48. Kf5 Nf2 49. Kg5 Nf6 50. Kf5 N2e4 51. Ke6 Nc5+ 52. Kf5 Ncd7 53. Bb2 Ke7 54. Ba3+ Kd8 55. Bb2 Ne8 56. Bxg7 Nxg7+ 57. Ke4 Nf6+ 58. Kd4 Kd7 59. Ke5 Ke7 60. Kd4 Kd6 61. Kc4 Ke5 62. Kc5 Nd7+ 63. Kc4 Ke4 64. Kc3 Ne5 65. Kc2 Kd4 66. Kb3 Nd3 67. Kc2 Kc4 68. Kd2 Nb4 69. Ke3 Kd5 70. Ke2 Ke4 71. Kd2 Kd4 72. Ke2 Nd5 73. Kd2 Ne3 74. Ke2 Nc4 75. Kd1 Kd3 76. Kc1 Ne3 77. Kb2 Kc4 78. Ka3 Kc3 79. Ka2 Nc4 80. Kb1 Kd2 81. Ka1 Kc1 82. Ka2 Kc2 83. Ka1 Nd2 84. Ka2 Nb3 85. Ka3 Nc1 86. Kb4 Kd3 87. Ka3 Kc3 88. Ka4 Nd3 89. Ka3 Nb4 90. Ka4 Nc2 91. Kb5 Kd4 92. Kc6 Na3 93. Kb6 Kd5 94. Ka5 Kc4 95. Ka4 Nb5 96. Ka5 Nc3 97. Kb6 Kd5 98. Ka6 Kc6 99. Ka5 Kc5 100. Ka6 Nd5 101. Ka5 Nb6 102. Ka6 Nc4 103. Kb7 Kd6 104. Ka7 Kc7 105. Ka6 Kc6 106. Ka7 Nd6 1/2-1/2